[Event "Rated Blitz game"]
[Site "?"]
[Date "2021.03.14"]
[Round "?"]
[White "GMJOEY93"]
[Black "Jordaine_Tupaz"]
[Result "1-0"]
[WhiteElo "2637"]
[BlackElo "2238"]
[PlyCount "75"]
[EventDate "2021.??.??"]
[EventType "blitz"]

1. e4 e5 2. Nf3 d5 3. exd5 e4 4. Qe2 Nf6 5. d3 Qxd5 6. dxe4 Qxe4 7. Nc3 Bb4 8.
Bd2 Bxc3 9. Bxc3 Qxe2+ 10. Bxe2 Nbd7 11. O-O O-O 12. Rfe1 Ne4 13. Bb4 c5 14.
Ba3 Ndf6 15. Bd3 Re8 16. Bxe4 Nxe4 17. Bxc5 b6 18. Be3 Bb7 19. Rad1 Rad8 20. h3
h6 21. a4 Rc8 22. Rd7 Nc5 23. Bxc5 Bxf3 24. Rxe8+ Rxe8 25. Be3 Be4 26. Rxa7
Bxc2 27. Bxb6 Re4 28. a5 Rb4 29. Be3 Rxb2 30. a6 Ra2 31. Ra8+ Kh7 32. a7 Be4
33. Re8 Bd5 34. Re5 Be6 35. Kh2 Kg6 36. Rb5 Bd7 37. Rb8 Bc6 38. Rb6 {Normal}
1-0

[Event "Rated Blitz tournament EsjJ1rCQ"]
[Site "?"]
[Date "2021.03.14"]
[Round "?"]
[White "LANATER2020"]
[Black "Maltinho"]
[Result "0-1"]
[WhiteElo "2434"]
[BlackElo "2492"]
[PlyCount "108"]
[EventDate "2021.??.??"]
[EventType "blitz"]

1. e4 e5 2. Nf3 d5 3. Nxe5 Bd6 4. d4 dxe4 5. Nc4 Nf6 6. Be2 Nc6 7. Ne3 O-O 8.
c4 Nxd4 9. O-O Nxe2+ 10. Qxe2 Qe7 11. Nc3 Qe5 12. g3 c6 13. Rd1 Bc7 14. h4 h5
15. Qf1 Ng4 16. Nxg4 Bxg4 17. Bf4 Qe7 18. Bxc7 Bxd1 19. Qxd1 Qxc7 20. Qxh5 Rae8
21. Re1 e3 22. f4 Qd6 23. Qf3 Qd4 24. Kg2 Re7 25. h5 Rfe8 26. h6 gxh6 27. Rh1
e2 28. Re1 Qd2 29. Kf2 Qxb2 30. f5 Re3 31. Qg4+ Kh8 32. f6 Rg8 33. Qf4 Rgxg3
34. Qxh6+ Kg8 35. Qxe3 Rxe3 36. Kxe3 Qxc3+ 37. Kxe2 Qxf6 38. Rg1+ Kf8 39. Rf1
Qb2+ 40. Kd3 Qxa2 41. Re1 Qb3+ 42. Kd4 Qb2+ 43. Kd3 a5 44. Re2 Qb3+ 45. Kd4 a4
46. Rh2 a3 47. Rh8+ Kg7 48. Ra8 Qb2+ 49. Kc5 a2 50. Kd6 a1=Q 51. Rb8 Qe5+ 52.
Kd7 Qxb8 53. c5 Qd4+ 54. Ke7 Qbd8# {Normal} 0-1

[Event "Rated Blitz game"]
[Site "?"]
[Date "2021.03.14"]
[Round "?"]
[White "FlinkerFreddy"]
[Black "KamranShirazi"]
[Result "1-0"]
[WhiteElo "2442"]
[BlackElo "2478"]
[PlyCount "57"]
[EventDate "2021.??.??"]
[EventType "blitz"]

1. e4 e5 2. Nf3 d5 3. Nc3 dxe4 4. Nxe4 f5 5. Nc3 e4 6. Ne5 Qd4 7. Nc4 Be6 8. d3
Bxc4 9. Be3 Qe5 10. dxc4 f4 11. Bd4 Qe6 12. Qh5+ Qf7 13. Qe2 Nc6 14. Qxe4+ Be7
15. Nd5 O-O-O 16. Bc3 Nf6 17. Nxe7+ Nxe7 18. Qxf4 Ng6 19. Qf5+ Kb8 20. Bd3
Rhe8+ 21. Kf1 Nh4 22. Qf4 Ng6 23. Qf5 Nh4 24. Qg5 Ng6 25. Re1 Rxe1+ 26. Kxe1
Re8+ 27. Kd1 Ne4 28. Bxe4 Rxe4 29. Qd8# {Normal} 1-0

[Event "Rated Blitz tournament BgPqVX8B"]
[Site "?"]
[Date "2021.03.14"]
[Round "?"]
[White "MRNDJIC"]
[Black "Schachelite"]
[Result "0-1"]
[WhiteElo "2415"]
[BlackElo "2414"]
[PlyCount "102"]
[EventDate "2021.??.??"]
[EventType "blitz"]

1. e4 e5 2. Nf3 d5 3. Nxe5 Bd6 4. d4 dxe4 5. Nc4 Nf6 6. Nxd6+ Qxd6 7. Be2 Nc6
8. Be3 O-O 9. c3 b6 10. O-O Bb7 11. Nd2 Rae8 12. b4 Nd5 13. Qb3 Kh8 14. Bc4
Nxe3 15. fxe3 f5 16. g3 Ne7 17. Bf7 Rd8 18. Nc4 Qf6 19. Ne5 Nc6 20. Nxc6 Bxc6
21. Bc4 b5 22. Be6 Qg5 23. Rf4 g6 24. d5 Bd7 25. c4 Bxe6 26. dxe6 Rd3 27. Qb2+
Kg8 28. cxb5 Rxe3 29. Qf2 Rd3 30. Rc1 Rfd8 31. Re1 R8d4 32. Kg2 Qe7 33. Rxf5
gxf5 34. Qxf5 Rd2+ 35. Kh3 Rd6 36. Rxe4 R2d5 37. Rg4+ Kh8 38. Qf7 Qxf7 39. exf7
Rd8 40. a4 R5d7 41. Rf4 Rf8 42. Rc4 Rfxf7 43. Rc6 Kg7 44. Ra6 Rd4 45. Rxa7 Rxb4
46. g4 Kg6 47. Kg3 Rb3+ 48. Kg2 Kg5 49. h3 Kh4 50. Ra6 Rb2+ 51. Kg1 Kg3 {Normal
} 0-1

[Event "Rated Blitz tournament fPaWLvuL"]
[Site "?"]
[Date "2021.03.14"]
[Round "?"]
[White "mopolomolo"]
[Black "om_gendut"]
[Result "1-0"]
[WhiteElo "2397"]
[BlackElo "2413"]
[PlyCount "55"]
[EventDate "2021.??.??"]
[EventType "blitz"]

1. e4 e5 2. Nf3 d5 3. Nxe5 Bd6 4. d4 dxe4 5. Nc4 Be7 6. Nc3 Nf6 7. Be3 Bf5 8.
f3 O-O 9. fxe4 Nxe4 10. Qf3 Nxc3 11. bxc3 Bxc2 12. Qxb7 Nd7 13. Be2 Nb6 14. O-O
Nxc4 15. Bxc4 Bd6 16. Qf3 Bg6 17. Bf4 Rb8 18. Bxd6 Qxd6 19. Bb3 h6 20. Qg4 Kh7
21. Rae1 Qb6 22. Kh1 Qa5 23. Qg3 Qb6 24. Re5 Qd6 25. h4 h5 26. Qf3 Qd8 27. Rg5
f6 28. Rxh5+ {Normal} 1-0

[Event "Rated Blitz game"]
[Site "?"]
[Date "2021.03.14"]
[Round "?"]
[White "Proteuo"]
[Black "blastol"]
[Result "1-0"]
[WhiteElo "2388"]
[BlackElo "2421"]
[PlyCount "49"]
[EventDate "2021.??.??"]
[EventType "blitz"]

1. e4 e5 2. Nf3 d5 3. exd5 Bd6 4. Nc3 Nf6 5. d3 h6 6. Be2 O-O 7. O-O c6 8. dxc6
Nxc6 9. Ne4 Be7 10. Ng3 Be6 11. c3 Qc7 12. d4 e4 13. Nd2 Bd6 14. Ndxe4 Nxe4 15.
Nxe4 Bxh2+ 16. Kh1 Bf4 17. Bf3 Rae8 18. g3 Bd6 19. Nxd6 Qxd6 20. d5 Ne5 21.
dxe6 Qxe6 22. Bf4 Ng6 23. Be3 Qh3+ 24. Kg1 f5 25. Bg2 {Normal} 1-0

[Event "Rated Blitz tournament fPaWLvuL"]
[Site "?"]
[Date "2021.03.14"]
[Round "?"]
[White "fireanigirl"]
[Black "om_gendut"]
[Result "1/2-1/2"]
[WhiteElo "2617"]
[BlackElo "2414"]
[PlyCount "184"]
[EventDate "2021.??.??"]
[EventType "blitz"]

1. e4 e5 2. Nf3 d5 3. exd5 e4 4. Qe2 Be7 5. Qxe4 Nf6 6. Qh4 Nxd5 7. Qg3 O-O 8.
Be2 Re8 9. d3 Bb4+ 10. c3 Qe7 11. O-O Bd6 12. Qg5 Qxe2 13. Qxd5 Nc6 14. Nbd2
Be6 15. Qe4 Qxe4 16. dxe4 Rad8 17. Re1 f6 18. Nb3 Bg4 19. Nfd4 Bd7 20. f3 Ne5
21. Bf4 Nxf3+ 22. gxf3 Bxf4 23. Rad1 Bd6 24. Kg2 c5 25. Nf5 Bxf5 26. exf5 Rxe1
27. Rxe1 Kf7 28. Rd1 b6 29. Rd5 Ke7 30. Nd2 Bf4 31. Rxd8 Kxd8 32. Ne4 Kd7 33.
b3 Kc6 34. c4 Be5 35. h3 Bf4 36. Kf2 Kc7 37. Ke2 Kc6 38. Kd3 a6 39. Nc3 b5 40.
Nd5 Bd6 41. Ke4 Be5 42. h4 h6 43. h5 Kd6 44. Ne3 Bd4 45. Ng2 Be5 46. Ne1 Bc3
47. Nd3 Be5 48. a3 Bh2 49. a4 b4 50. f4 Bg1 51. Ne1 Bd4 52. Nf3 Bc3 53. Kd3 Ba1
54. Nd2 Bd4 55. Ne4+ Kc6 56. Nd2 Kd6 57. Nf3 Ba1 58. Kc2 Bc3 59. Nh2 Bd4 60.
Ng4 Ba1 61. Kd3 Bd4 62. Nh2 a5 63. Nf3 Ba1 64. Nd2 Bc3 65. Ne4+ Kc6 66. Nxc3
bxc3 67. Kxc3 Kc7 68. Kd3 Kd7 69. Ke4 Kd6 70. Ke3 Kd7 71. Kd3 Kc7 72. Ke3 Kd7
73. Kf2 Kc7 74. Ke1 Kd7 75. Kd2 Kc7 76. Kc3 Kd7 77. Kc2 Kc7 78. Kd2 Kd7 79. Ke3
Kc7 80. Ke4 Kd6 81. Kd3 Kc7 82. Kc3 Kd7 83. Kb2 Kc7 84. Ka2 Kd7 85. Ka1 Kc7 86.
Kb1 Kd7 87. Kc1 Kc7 88. Kd2 Kd7 89. Ke2 Kc7 90. Kf2 Kd7 91. Ke3 Kc7 92. Ke4 Kd6
{Normal} 1/2-1/2

[Event "Rated Blitz tournament fPaWLvuL"]
[Site "?"]
[Date "2021.03.14"]
[Round "?"]
[White "Saparmyrat"]
[Black "om_gendut"]
[Result "1-0"]
[WhiteElo "2547"]
[BlackElo "2419"]
[PlyCount "103"]
[EventDate "2021.??.??"]
[EventType "blitz"]

1. e4 e5 2. Nf3 d5 3. Nxe5 Bd6 4. d4 dxe4 5. Nc3 Bxe5 6. dxe5 Qxd1+ 7. Kxd1 Nc6
8. Bb5 Bg4+ 9. Ke1 Nge7 10. h3 Bf5 11. g4 Bg6 12. Be3 O-O-O 13. Bg5 h6 14. Bxe7
Nxe7 15. Ke2 Nd5 16. Nxd5 Rxd5 17. Bc4 Rxe5 18. Rad1 Rd8 19. Ke3 Rxd1 20. Rxd1
Re7 21. h4 h5 22. Rg1 hxg4 23. Rxg4 Re5 24. c3 c6 25. b4 Kc7 26. a4 Kd6 27. a5
Rh5 28. Be2 Rd5 29. Rg1 Re5 30. c4 Kc7 31. Rd1 b6 32. a6 Re7 33. c5 bxc5 34.
bxc5 Re5 35. Rb1 Rxc5 36. Rb7+ Kd6 37. Rxa7 Ra5 38. Ra8 Ke5 39. Re8+ Kd5 40.
Rd8+ Ke5 41. Re8+ Kd5 42. Kf4 Ra3 43. Rd8+ Kc5 44. Rd7 Ra2 45. h5 Bxh5 46. Bxh5
Rxf2+ 47. Kxe4 Ra2 48. Be2 f5+ 49. Ke3 Rxe2+ 50. Kxe2 f4 51. a7 g5 52. a8=Q {
Time forfeit} 1-0

[Event "Rated Blitz tournament BgPqVX8B"]
[Site "?"]
[Date "2021.03.14"]
[Round "?"]
[White "CurseOfAvernus"]
[Black "Schachelite"]
[Result "0-1"]
[WhiteElo "2400"]
[BlackElo "2422"]
[PlyCount "30"]
[EventDate "2021.??.??"]
[EventType "blitz"]

1. e4 e5 2. Nf3 d5 3. exd5 e4 4. Qe2 Nf6 5. Nc3 Be7 6. Nxe4 O-O 7. d3 Re8 8.
Be3 Nxd5 9. O-O-O f5 10. Nc3 Nxc3 11. bxc3 f4 12. d4 fxe3 13. Qc4+ Kh8 14. Ne5
Ba3+ 15. Kb1 Rxe5 {Normal} 0-1

[Event "Rated Blitz game"]
[Site "?"]
[Date "2021.03.14"]
[Round "?"]
[White "SuperJesus88"]
[Black "SpiderMoves"]
[Result "0-1"]
[WhiteElo "2628"]
[BlackElo "2666"]
[PlyCount "86"]
[EventDate "2021.??.??"]
[EventType "blitz"]

1. e4 e5 2. Nf3 d5 3. Nc3 d4 4. Ne2 Nc6 5. d3 f6 6. g3 Be6 7. Bg2 Qd7 8. c3
dxc3 9. bxc3 O-O-O 10. d4 Bc4 11. O-O h5 12. Be3 g5 13. Nd2 Bd3 14. Re1 h4 15.
Qa4 hxg3 16. hxg3 Qh7 17. d5 Nb8 18. Qxa7 Nh6 19. Rab1 Ba6 20. Bh3+ Rd7 21.
Rxb7 Bxb7 22. Rb1 Ng4 23. Qxb7+ Kd8 24. Qxb8+ Ke7 25. Bg2 Qh2+ 26. Kf1 Kf7 27.
Qc8 Nxe3+ 28. fxe3 Re7 29. Rb7 Qh7 30. Qf5 Qg7 31. Nc4 Kg8 32. Bh3 Rh6 33. Kg2
Rf7 34. Rb8 Kh8 35. d6 cxd6 36. Nxd6 Rc7 37. c4 Kg8 38. Nc3 Qe7 39. Ndb5 Rxc4
40. Nd5 Rc2+ 41. Kf3 Qf7 42. Nd6 Qh5+ 43. Bg4 Qh1# {Normal} 0-1

[Event "Rated Blitz game"]
[Site "?"]
[Date "2021.03.14"]
[Round "?"]
[White "Ianniello"]
[Black "Gifroy"]
[Result "0-1"]
[WhiteElo "2414"]
[BlackElo "2463"]
[PlyCount "58"]
[EventDate "2021.??.??"]
[EventType "blitz"]

1. e4 e5 2. Nf3 d5 3. d3 dxe4 4. dxe4 Qxd1+ 5. Kxd1 Bg4 6. c3 f5 7. Bd3 Nf6 8.
Nbd2 Nc6 9. Kc2 O-O-O 10. h3 Bxf3 11. gxf3 Bc5 12. Rf1 f4 13. b4 Bxb4 14. Bb5
Bc5 15. Bxc6 bxc6 16. Nc4 Bd6 17. Rb1 Nd7 18. Rg1 g6 19. Ba3 Nb6 20. Bxd6 Nxc4
21. Bc5 Rd2+ 22. Kb3 Nb6 23. Rb2 Rhd8 24. Rgb1 Rxb2+ 25. Rxb2 Rd3 26. a4 a6 27.
a5 Nd7 28. Kc4 Nxc5 29. Kxc5 Rxc3+ {Normal} 0-1

[Event "Rated Blitz game"]
[Site "?"]
[Date "2021.03.14"]
[Round "?"]
[White "Buchi"]
[Black "Gifroy"]
[Result "1-0"]
[WhiteElo "2451"]
[BlackElo "2462"]
[PlyCount "47"]
[EventDate "2021.??.??"]
[EventType "blitz"]

1. e4 e5 2. Nf3 d5 3. Nxe5 Bd6 4. d4 dxe4 5. Bc4 Bxe5 6. Qh5 Qe7 7. dxe5 Be6 8.
Nd2 Nc6 9. Bb5 Qc5 10. Bxc6+ Qxc6 11. O-O Qxc2 12. Re1 O-O-O 13. Nxe4 g6 14.
Qf3 Bd5 15. Qg4+ Kb8 16. Nc3 Be6 17. Qb4 Rd7 18. Bg5 h6 19. Rac1 Qf5 20. Be3
Ne7 21. Nb5 Nc6 22. Rxc6 a6 23. Rxa6 Bd5 24. Ra8+ {Normal} 1-0

[Event "Rated Blitz game"]
[Site "?"]
[Date "2021.03.14"]
[Round "?"]
[White "reyzandocam"]
[Black "Chesspirate_Channel"]
[Result "0-1"]
[WhiteElo "2469"]
[BlackElo "2367"]
[PlyCount "92"]
[EventDate "2021.??.??"]
[EventType "blitz"]

1. e4 e5 2. Nf3 d5 3. Nc3 dxe4 4. Nxe4 f5 5. Nc3 e4 6. Ne5 Nf6 7. d4 Bd6 8. Bg5
Be6 9. Bc4 Bxc4 10. Nxc4 Nc6 11. O-O h6 12. Bxf6 Qxf6 13. Nd5 Qf7 14. Nxd6+
cxd6 15. Nf4 g5 16. Ne2 d5 17. c3 O-O 18. f3 e3 19. f4 Rae8 20. Ng3 Qe6 21. Qh5
Kh7 22. Rae1 Qg6 23. fxg5 Qxh5 24. Nxh5 hxg5 25. Ng3 f4 26. Ne2 Kg6 27. Nc1 Na5
28. h3 Nc4 29. Nd3 Nd2 30. Ne5+ Rxe5 31. dxe5 Nxf1 32. Kxf1 Kf5 33. Ke2 Kxe5
34. Rd1 Rc8 35. Rd4 Rc4 36. Rd3 Ke4 37. a3 a5 38. Rd1 b5 39. h4 gxh4 40. Rh1 b4
41. axb4 axb4 42. Rxh4 bxc3 43. b3 c2 44. bxc4 c1=Q 45. cxd5 Qd2+ 46. Kf1 Qf2#
{Normal} 0-1

[Event "Rated Blitz tournament EsjJ1rCQ"]
[Site "?"]
[Date "2021.03.14"]
[Round "?"]
[White "davidb2"]
[Black "Maltinho"]
[Result "0-1"]
[WhiteElo "2441"]
[BlackElo "2506"]
[PlyCount "50"]
[EventDate "2021.??.??"]
[EventType "blitz"]

1. e4 e5 2. Nf3 d5 3. exd5 Bd6 4. d4 e4 5. Ne5 Nf6 6. Bb5+ c6 7. dxc6 bxc6 8.
Be2 Qc7 9. Bf4 Nbd7 10. Nxd7 Bxf4 11. Nxf6+ gxf6 12. g3 Bd6 13. Nc3 f5 14. Qd2
Rb8 15. O-O-O Qb6 16. b3 Bb4 17. Qe3 Qa5 18. Kb2 Qa3+ 19. Ka1 Qa5 20. Na4 Be6
21. g4 fxg4 22. Qxe4 Qxa4 23. Rd3 Qa5 24. Qxc6+ Kf8 25. d5 Rc8 {Normal} 0-1

[Event "Rated Blitz tournament 11johJqJ"]
[Site "?"]
[Date "2021.03.14"]
[Round "?"]
[White "sr654"]
[Black "om_gendut"]
[Result "1-0"]
[WhiteElo "2389"]
[BlackElo "2412"]
[PlyCount "57"]
[EventDate "2021.??.??"]
[EventType "blitz"]

1. e4 e5 2. Nf3 d5 3. Nxe5 Bd6 4. d4 dxe4 5. Nc4 Be7 6. Be2 Nf6 7. O-O O-O 8.
Ne3 Nc6 9. d5 Ne5 10. c4 Bd6 11. Nc3 Qe7 12. h3 Ng6 13. Re1 a6 14. Bf1 Bd7 15.
Nc2 Qe5 16. g3 Nh4 17. Bf4 Qf5 18. Nd4 Qg6 19. Qd2 Bc5 20. Bg2 Bxd4 21. Qxd4
Nxg2 22. Kxg2 Qh5 23. g4 Nxg4 24. hxg4 Bxg4 25. Qxe4 Rae8 26. Qd3 g5 27. Rh1
Qg6 28. Qxg6+ hxg6 29. Bxc7 {Normal} 1-0

[Event "Rated Blitz game"]
[Site "?"]
[Date "2021.03.14"]
[Round "?"]
[White "crackcubano"]
[Black "Erow"]
[Result "0-1"]
[WhiteElo "2645"]
[BlackElo "2678"]
[PlyCount "50"]
[EventDate "2021.??.??"]
[EventType "blitz"]

1. e4 e5 2. Nf3 d5 3. exd5 e4 4. Ne5 Qxd5 5. d4 exd3 6. Nxd3 Nf6 7. Nc3 Qd8 8.
Be2 Bd6 9. O-O O-O 10. Bf4 Re8 11. Bf3 a6 12. Re1 Nc6 13. Bxd6 Rxe1+ 14. Qxe1
Qxd6 15. Rd1 Be6 16. Qe3 Ng4 17. Bxg4 Bxg4 18. f3 Be6 19. Nc5 Qe7 20. Nxb7 Rb8
21. Nc5 Rxb2 22. Nxe6 Qxe6 23. Qc5 h6 24. Nd5 Qe2 25. Rc1 Qd2 {Normal} 0-1

[Event "Rated Blitz game"]
[Site "?"]
[Date "2021.03.14"]
[Round "?"]
[White "DanielPerchman"]
[Black "Gifroy"]
[Result "1-0"]
[WhiteElo "2368"]
[BlackElo "2459"]
[PlyCount "45"]
[EventDate "2021.??.??"]
[EventType "blitz"]

1. e4 e5 2. Nf3 d5 3. Nc3 dxe4 4. Nxe4 Nf6 5. Nxf6+ Qxf6 6. d4 e4 7. Ne5 Bd6 8.
Ng4 Qg6 9. Ne3 O-O 10. g4 Bf4 11. h3 Nc6 12. Bg2 Rd8 13. c3 Ne5 14. Nd5 Nd3+
15. Qxd3 exd3 16. Ne7+ Kf8 17. Nxg6+ hxg6 18. Bxf4 c5 19. dxc5 g5 20. Bxg5 f6
21. Bf4 f5 22. Bd6+ Kg8 23. g5 {Normal} 1-0

[Event "Rated Blitz game"]
[Site "?"]
[Date "2021.03.14"]
[Round "?"]
[White "NormWeinstein"]
[Black "sierra92"]
[Result "1-0"]
[WhiteElo "2403"]
[BlackElo "2409"]
[PlyCount "23"]
[EventDate "2021.??.??"]
[EventType "blitz"]

1. e4 e5 2. Nf3 d5 3. d4 dxe4 4. Nxe5 Bd6 5. Bf4 Nd7 6. Be2 Bxe5 7. dxe5 Qe7 8.
Nc3 c6 9. O-O Nxe5 10. Nxe4 Nf6 11. Bg5 Bf5 12. Nd6+ {Normal} 1-0

[Event "Rated Blitz tournament BgPqVX8B"]
[Site "?"]
[Date "2021.03.14"]
[Round "?"]
[White "berndhoy"]
[Black "Schachelite"]
[Result "1/2-1/2"]
[WhiteElo "2424"]
[BlackElo "2428"]
[PlyCount "153"]
[EventDate "2021.??.??"]
[EventType "blitz"]

1. e4 e5 2. Nf3 d5 3. Nxe5 Bd6 4. d4 dxe4 5. Nc4 Nf6 6. Nxd6+ Qxd6 7. c3 O-O 8.
Be2 b6 9. Be3 Bb7 10. O-O Nbd7 11. Nd2 Rae8 12. Qa4 a5 13. Nc4 Qe6 14. Nd2 Kh8
15. Bc4 Qd6 16. Bb5 Ng4 17. g3 c6 18. Be2 f5 19. Bxg4 fxg4 20. Qc2 Ba6 21. Rfe1
Bd3 22. Qd1 Qg6 23. Nb3 Rf3 24. Nc1 Ba6 25. b3 Ref8 26. c4 Qf5 27. Qd2 Nf6 28.
Rf1 b5 29. Qe2 bxc4 30. bxc4 c5 31. dxc5 Qe6 32. Rd1 Bxc4 33. Qd2 Nd5 34. Ne2
Nxe3 35. fxe3 Rf2 36. Re1 Qf7 37. Qd1 Qh5 38. h4 gxh3 39. Nf4 Qxd1 40. Raxd1
Rxa2 41. c6 h2+ 42. Kh1 g5 43. c7 Ba6 44. Rd8 gxf4 45. Rxf8+ Kg7 46. Rxf4 Rc2
47. Rh4 Rxc7 48. Rxh2 Bd3 49. Ra2 Rc5 50. Kg2 Kg6 51. g4 Kg5 52. Kg3 h6 53. Rh1
Kg6 54. Rh5 Rxh5 55. gxh5+ Kxh5 56. Rxa5+ Kg6 57. Kg4 h5+ 58. Kh4 Be2 59. Rg5+
Kf6 60. Rg8 Ke5 61. Rf8 Kd5 62. Rf4 Bf3 63. Kg5 Kc4 64. Kf5 Kd3 65. Rh4 Kxe3
66. Ke5 Kf2 67. Rh2+ Kg3 68. Rb2 e3 69. Kd4 e2 70. Rb1 Kf2 71. Rb2 Kf1 72. Rb1+
e1=Q 73. Rxe1+ Kxe1 74. Ke3 h4 75. Kxf3 Kf1 76. Kg4 h3 77. Kxh3 {Normal}
1/2-1/2

[Event "Rated Blitz game"]
[Site "?"]
[Date "2021.03.14"]
[Round "?"]
[White "Bamboosticks"]
[Black "jsequera"]
[Result "0-1"]
[WhiteElo "2426"]
[BlackElo "2426"]
[PlyCount "180"]
[EventDate "2021.??.??"]
[EventType "blitz"]

1. e4 e5 2. Nf3 d5 3. exd5 e4 4. Qe2 f5 5. d3 Nf6 6. Nc3 Bb4 7. Bd2 O-O 8. dxe4
fxe4 9. Nxe4 Nxe4 10. Bxb4 Re8 11. O-O-O Nc3 12. Bxc3 Rxe2 13. Bxe2 Bg4 14. h3
Bxf3 15. Bxf3 Nd7 16. Rhe1 Qf8 17. d6 cxd6 18. Re6 Ne5 19. Bxb7 Rb8 20. Rexd6
Qf4+ 21. Bd2 Qxf2 22. Bd5+ Kh8 23. Bc3 Qf4+ 24. Kb1 Nc4 25. Bxc4 h5 26. Rd8+
Rxd8 27. Rxd8+ Kh7 28. Bd3+ Kh6 29. a3 Qg3 30. Rh8+ Kg5 31. Bxg7 Qxg2 32. h4+
Kf4 33. Bf6 Qg1+ 34. Ka2 Qh1 35. Bg5+ Kg4 36. Be2+ Kg3 37. Bxh5 Qd5+ 38. b3 Qf5
39. Kb2 Qe5+ 40. Ka2 Qxh8 41. Bg6 Kg4 42. Bd3 Qc3 43. a4 a5 44. Be7 Qd4 45. Bg5
Qc5 46. Be2+ Kf5 47. Bd3+ Ke5 48. Kb2 Kd4 49. Bf6+ Ke3 50. Bg5+ Kf2 51. c3 Qd5
52. Bc2 Ke1 53. b4 Qc4 54. b5 Qc5 55. Kb3 Kf2 56. Bd3 Kg3 57. Bf6 Qd5+ 58. Bc4
Qd1+ 59. Ka3 Qa1+ 60. Ba2 Qc1+ 61. Kb3 Kf3 62. c4 Ke4 63. Bc3 Kd3 64. Bxa5 Qc2+
65. Ka3 Kd4 66. Bb6+ Kd3 67. Bb3 Qb1 68. Bc5 Kc3 69. Bb4+ Kd3 70. b6 Qa1+ 71.
Ba2 Qc1+ 72. Kb3 Qxc4+ 73. Ka3 Qc1+ 74. Kb3 Qc2+ 75. Ka3 Qc6 76. a5 Kc2 77.
Bb3+ Kb1 78. h5 Qc1+ 79. Ka4 Qc6+ 80. Ka3 Ka1 81. h6 Qxh6 82. b7 Qc1+ 83. Ka4
Qc6+ 84. Ka3 Qxb7 85. Bc2 Qc6 86. Kb3 Qd5+ 87. Kc3 Ka2 88. Ba4 Qe5+ 89. Kc4
Qc7+ 90. Kb5 Qd7+ {Normal} 0-1

[Event "Rated Blitz tournament qRRFrJGp"]
[Site "?"]
[Date "2021.03.14"]
[Round "?"]
[White "vaggo2004"]
[Black "Jenlen3001"]
[Result "0-1"]
[WhiteElo "2528"]
[BlackElo "2422"]
[PlyCount "78"]
[EventDate "2021.??.??"]
[EventType "blitz"]

1. e4 e5 2. Nf3 d5 3. Nxe5 Bd6 4. d4 dxe4 5. Nc3 Bxe5 6. dxe5 Qxd1+ 7. Kxd1 Nd7
8. e6 fxe6 9. Nxe4 Ngf6 10. Ng5 Ne5 11. Bf4 Neg4 12. Bg3 Bd7 13. Bc4 Bc6 14.
Nxe6 Bxg2 15. Nxc7+ Kd7 16. Re1 Rad8 17. Kd2 Kc6+ 18. Kc3 a6 19. Re6+ Kd7 20.
Rb6 Ne4+ 21. Kb4 Nxg3 22. Ne6 Nf5 23. Nxd8 Kxd8 24. Be6 Rf8 25. a4 Bc6 26. Rd1+
Kc7 27. a5 Nxf2 28. Rf1 Nd4 29. Bc4 Nxc2+ 30. Kc3 Ne3 31. Re1 Nxc4 32. Kxc4 Rf7
33. Rb3 Ne4 34. Rbe3 Nd6+ 35. Kb4 Nf5 36. Rf1 g6 37. Kc3 Rd7 38. Rd3 Rxd3+ 39.
Kxd3 Bb5+ {Normal} 0-1

[Event "1st FIDE World Uni BlitzD"]
[Site "Tornelo INT"]
[Date "2021.03.13"]
[Round "4.6"]
[White "Taher, Yoseph Theolifus"]
[Black "Abhishek Bhargav"]
[Result "1-0"]
[WhiteElo "2455"]
[BlackElo "1177"]
[PlyCount "121"]
[EventDate "2021.03.13"]
[EventType "blitz"]
[SourceTitle "The Week in Chess 1375"]
[Source "Mark Crowther"]
[SourceDate "2021.03.15"]
[SourceVersion "1"]
[SourceVersionDate "2021.03.15"]
[SourceQuality "2"]

1. e4 e5 2. Nf3 d5 3. Nxe5 Bd6 4. d4 dxe4 5. Nc4 Nf6 6. Nc3 O-O 7. Be2 Nc6 8.
Be3 Bb4 9. O-O Be6 10. a3 Bxc3 11. bxc3 Nd5 12. Bd2 Qe7 13. Ne3 Nxe3 14. fxe3
Na5 15. Rf4 Nc4 16. Rxe4 f5 17. Rf4 g5 18. Rf2 Bd5 19. Bxc4 Bxc4 20. Qf3 c6 21.
Qg3 Kh8 22. Re1 Rf7 23. e4 f4 24. Qg4 Rg8 25. Bc1 h6 26. Qh5 Kh7 27. h3 Qd6 28.
a4 a5 29. d5 Rff8 30. e5 Qxd5 31. e6 Rg6 32. e7 Re8 33. Ba3 c5 34. Kh2 b6 35.
Qg4 Qd6 36. Qf5 Rxe7 37. Rd2 Rf7 38. Rxd6 Rxf5 39. Rd7+ Rf7 40. Rd8 f3 41. gxf3
Rxf3 42. Kg2 Rgf6 43. Rd2 Bf1+ 44. Kg1 Rg3+ 45. Kh2 Rxh3+ 46. Kg1 Rg3+ 47. Kh2
Kg6 48. Kxg3 h5 49. Kh2 Bc4 50. Bc1 g4 51. Kg1 h4 52. Rg2 g3 53. Be3 Bd5 54.
Rd2 Kh5 55. Rxd5+ Kg4 56. Rg5+ Kh3 57. Re2 Rd6 58. Bd2 Rf6 59. Be1 Rf3 60. Re4
g2 61. Rxh4# 1-0

[Event "Rated Blitz game"]
[Site "?"]
[Date "2021.03.13"]
[Round "?"]
[White "DarylP_Baguio"]
[Black "Chesspirate_Channel"]
[Result "0-1"]
[WhiteElo "2397"]
[BlackElo "2410"]
[PlyCount "26"]
[EventDate "2021.??.??"]
[EventType "blitz"]

1. e4 e5 2. Nf3 d5 3. Nxe5 Bd6 4. d4 dxe4 5. Nc3 Bxe5 6. dxe5 Qxd1+ 7. Nxd1 Nc6
8. Bb5 Bd7 9. Bxc6 Bxc6 10. Nc3 Ne7 11. Bf4 Ng6 12. Bg3 h5 13. O-O-O h4 {Normal
} 0-1

[Event "Rated Blitz game"]
[Site "?"]
[Date "2021.03.13"]
[Round "?"]
[White "Pingi1"]
[Black "giorgi33333"]
[Result "0-1"]
[WhiteElo "2434"]
[BlackElo "2224"]
[PlyCount "76"]
[EventDate "2021.??.??"]
[EventType "blitz"]

1. e4 e5 2. Nf3 d5 3. exd5 e4 4. Qe2 Qe7 5. Nd4 Nf6 6. Qb5+ Nbd7 7. Nc3 a6 8.
Qb3 Qe5 9. Nde2 Bc5 10. d4 Bxd4 11. Bf4 Qf5 12. O-O-O Bxf2 13. Bxc7 O-O 14. Ng3
Qg5+ 15. Kb1 Nc5 16. Qc4 b5 17. Qe2 Bxg3 18. hxg3 Bg4 19. Qf2 Bxd1 20. Qxc5 Bg4
21. Qd4 Rac8 22. d6 Rfe8 23. a4 Bd7 24. axb5 axb5 25. Be2 Qxg3 26. Nxb5 Qxg2
27. Re1 e3 28. Nc3 Qf2 29. Rf1 Qh2 30. b4 Re5 31. b5 Ne4 32. Nxe4 Qxe2 33. Qxe5
Qxf1+ 34. Kb2 e2 35. Ng3 e1=Q 36. Qg5 Qf6+ 37. Qxf6 gxf6 38. b6 Qb4+ {Time
forfeit} 0-1

[Event "Rated Blitz game"]
[Site "?"]
[Date "2021.03.13"]
[Round "?"]
[White "AB1GN3RD"]
[Black "blastol"]
[Result "0-1"]
[WhiteElo "2235"]
[BlackElo "2412"]
[PlyCount "44"]
[EventDate "2021.??.??"]
[EventType "blitz"]

1. e4 e5 2. Nf3 d5 3. Nxe5 Bd6 4. d4 dxe4 5. Nc3 Nf6 6. Nc4 O-O 7. Bg5 Be7 8.
Be2 Nc6 9. d5 Nb4 10. Bxf6 Bxf6 11. Ne3 Bxc3+ 12. bxc3 Na6 13. O-O f5 14. c4 f4
15. Ng4 f3 16. gxf3 h5 17. Ne3 Bh3 18. fxe4 Bxf1 19. Qxf1 Nc5 20. Qg2 Rf4 21.
Nf5 Qf6 22. f3 Qxa1+ {Normal} 0-1

[Event "Rated Blitz game"]
[Site "?"]
[Date "2021.03.13"]
[Round "?"]
[White "DarylP_Baguio"]
[Black "Chesspirate_Channel"]
[Result "0-1"]
[WhiteElo "2408"]
[BlackElo "2398"]
[PlyCount "82"]
[EventDate "2021.??.??"]
[EventType "blitz"]

1. e4 e5 2. Nf3 d5 3. Nxe5 Bd6 4. d4 dxe4 5. Nc3 Bxe5 6. dxe5 Qxd1+ 7. Nxd1 Ne7
8. Bf4 Ng6 9. Bg3 Nc6 10. Bb5 Bd7 11. Nc3 Ncxe5 12. Bxd7+ Nxd7 13. Bxc7 f5 14.
O-O-O Nf6 15. Nd5 Kf7 16. Nxf6 Kxf6 17. f4 Rhe8 18. h4 Rac8 19. Ba5 Nxf4 20.
Rd7 Re7 21. Bc3+ Ke6 22. Rxe7+ Kxe7 23. Bxg7 Nxg2 24. Bd4 f4 25. Bxa7 Ke6 26.
Kd1 Kf5 27. c3 Kg4 28. Ke2 Rd8 29. Bd4 e3 30. Rf1 Nxh4 31. Rg1+ Kf5 32. Rg7 Re8
33. Rf7+ Ke4 34. Rxh7 f3+ 35. Kf1 Nf5 36. Rxb7 Nxd4 37. cxd4 Kd3 38. Rb3+ Kd2
39. Rxe3 Kxe3 40. d5 Rh8 41. Kg1 f2+ {Normal} 0-1

[Event "Rated Blitz tournament Q1xUf6YA"]
[Site "?"]
[Date "2021.03.13"]
[Round "?"]
[White "PawnMass"]
[Black "batasjon"]
[Result "0-1"]
[WhiteElo "2427"]
[BlackElo "2226"]
[PlyCount "84"]
[EventDate "2021.??.??"]
[EventType "blitz"]

1. e4 e5 2. Nf3 d5 3. exd5 e4 4. Qe2 Nf6 5. Nc3 Be7 6. Nxe4 O-O 7. d3 Re8 8.
Qd1 Qxd5 9. Nxf6+ Bxf6+ 10. Be2 c5 11. O-O Nc6 12. c3 h6 13. Be3 Bf5 14. d4
cxd4 15. Nxd4 Rad8 16. Bf3 Be4 17. Nxc6 Qxc6 18. Bxe4 Rxe4 19. Qf3 Qe6 20. Rad1
Re8 21. Rfe1 a6 22. a3 Bg5 23. Rd3 Qc4 24. Qe2 Bf6 25. f3 R4e6 26. Kf2 Bd8 27.
Bd4 Rxe2+ 28. Rxe2 Rxe2+ 29. Kxe2 Bf6 30. Bxf6 gxf6 31. Ke3 Qb5 32. Rd2 Qg5+
33. f4 Qh4 34. g3 Qh5 35. Kf2 Qb5 36. Rd8+ Kg7 37. Rd2 Kg6 38. b4 Kf5 39. Ke3
Kg4 40. Rd3 Qe8+ 41. Kf2 Kh3 42. Kf3 Qc6+ {Time forfeit} 0-1